00629nam a22001937a 450000500170000001000150001702000260003203500140005803700130007208200110008510000210009624500980011726000340021527000680024930000330031750000500035070000140040070000210041420170717165141.0 aENG-119230 a9788120352872c595.00 aEN-102762 bDBAD/PUB a005.13 aSomashekara,M.T. aObject oriented programming with JAVA /cby M.T. Somashekara D.S. Guru [and] K.S. Manjumnath aNew DelhibPHI Learningc2017 aRimjhim House, 111, Patparganj Industrial EstatebDelhie110091 axiii,189p.:c24cm(pbk)bill. aIncludes bibliographical references and index aD.S. Guru a Manjumnath,K.S.